Library Banner

Hind kay angraiz hukmaraan Morquees Wailsli (Urdu)(ہند کے انگریز حکمران مورکیس ویلسی) (Record no. 65476)

MARC details
000 -LEADER
fixed length control field 00718nam a2200217Ia 4500
001 - CONTROL NUMBER
control field 64327
003 - CONTROL NUMBER IDENTIFIER
control field OSt
005 - DATE AND TIME OF LATEST TRANSACTION
control field 20150622114916.0
008 - FIXED-LENGTH DATA ELEMENTS--GENERAL INFORMATION
fixed length control field 150204s9999 xx 000 0 und d
020 ## - INTERNATIONAL STANDARD BOOK NUMBER
International Standard Book Number NA
040 ## - CATALOGING SOURCE
Transcribing agency PK-LaUMT
082 ## - DEWEY DECIMAL CLASSIFICATION NUMBER
Classification number 954.0312
Item number MOL-H
100 ## - MAIN ENTRY--PERSONAL NAME
Personal name Molison, G. B.(مولیسن جی بی)
245 ## - TITLE STATEMENT
Title Hind kay angraiz hukmaraan Morquees Wailsli (Urdu)(ہند کے انگریز حکمران مورکیس ویلسی)
Statement of responsibility, etc Molison, G. B.|Ibn Hassan(مولیسن جی بی[ ابن حسن)
260 ## - PUBLICATION, DISTRIBUTION, ETC. (IMPRINT)
Place of publication, distribution, etc Lahore,Pakistan:(لاہور، پاکستان )
Name of publisher, distributor, etc Takhleqaat,(تخلیقات)
Date of publication, distribution, etc 2005
300 ## - PHYSICAL DESCRIPTION
Extent 192 p.
546 ## - LANGUAGE NOTE
Language note UR
650 ## - SUBJECT ADDED ENTRY--TOPICAL TERM
Topical term or geographic name as entry element Hind-Rulers
700 ## - ADDED ENTRY--PERSONAL NAME
Personal name Ibn Hassan
942 ## - ADDED ENTRY ELEMENTS (KOHA)
Koha item type Books
Source of classification or shelving scheme Dewey Decimal Classification
Holdings
Withdrawn status Lost status Damaged status Not for loan Home library Current library Date acquired Total Checkouts Full call number Barcode Date last seen Price effective from Koha item type
        UMT Main Campus UMT Main Campus 2015-02-04   954.0312 MOL-H 88401 2015-06-22 2015-02-04 Books